000 00258nam a2200097Ia 4500
001 1159258
005 20250827011317.0
008 250824s9999 xx 000 0 und d
245 0 _aBİTMEMİŞ İNŞA POSTMODERNİZM
_cAHMET MELİH KARAUĞUZ
260 _bKETEBE
999 _c1159258
_d1159258